banner-ar

الغزو الفكرى والتيارات المعادية للاسلام / (Record no. 54317)

MARC details
000 -الفاتح
حقل البيانات ثابتة الطول 00808nam a2200217Ia 4500
008 - عناصر البيانات ثابتة الطول - معلومات عامة
حقل البيانات ثابتة الطول 140319s9999 xx 000 0 ara d
040 ## - مصدر الفهرسة
وكالة الفهرسة الأصلية GCL /
وكالة النسخ GCL
082 04 - رقم تصنيف ديوى العشرى
رقم التصنيف 216.4
رقم المادة ع ا
100 1# - المدخل الرئيسى - إسم شخصى
الإسم الشخصى عبدالستار فتح الله سعيد
245 10 - بيان العنوان
العنوان الغزو الفكرى والتيارات المعادية للاسلام /
بيان المسئوليه,etc عبدالستار فتح الله سعيد
260 ## - PUBLICATION, DISTRIBUTION, ETC. (IMPRINT)
تاريخ النشر أو التوزيع 1987
300 ## - الوصف المادى
التعداد 171 ص
490 ## - بيان السلسلة
عنوان السلسلة
650 04 - المدخل الاضافى بالموضوع-مصطلح موضوعى
مصطلح موضوعي الاسلام
650 04 - المدخل الاضافى بالموضوع-مصطلح موضوعى
مصطلح موضوعي الشريعة الاسلامية
650 04 - المدخل الاضافى بالموضوع-مصطلح موضوعى
مصطلح موضوعي الاسلام والمذاهب الالحادية
650 04 - المدخل الاضافى بالموضوع-مصطلح موضوعى
مصطلح موضوعي الاسلام والاستعمار
650 04 - المدخل الاضافى بالموضوع-مصطلح موضوعى
مصطلح موضوعي الاسلام والديانات الاخرى
942 ## - عناصر المدخل الإضافي( كوها)
مصدر التصنيف او مخطط الترفيف Dewey Decimal Classification
Koha [default] item type كتاب
260 ## - PUBLICATION, DISTRIBUTION, ETC. (IMPRINT)
-- [S.N] :
-- دار الوفاء للطباعة والنشر والتوزيع ،
Holdings
حالة التراجع حالة الفقد حالة تلف ليس للاعارة المكان المؤقت الموقع الحالى تاريخ الاكتساب اجمالي اﻻعارات رقم الطلب الباركود تاريخ اخر مشاهدة تاريخ تفعيل السعر نوع وعاء كوها
        مكتبة القاهرة الكبرى مكتبة القاهرة الكبرى 03/26/2014   216.4\ع ا 130658 03/26/2014 03/26/2014 كتاب
        مكتبة القاهرة الكبرى مكتبة القاهرة الكبرى 03/26/2014   216.4\ع ا 130659 03/26/2014 03/26/2014 كتاب
        مكتبة القاهرة الكبرى مكتبة القاهرة الكبرى 03/26/2014   216.4\ع ا 130660 03/26/2014 03/26/2014 كتاب

Powered By

EGPV